Представление документа в формате RUSMARC

Поле Инд. ПП Название Значение
Тип записи a
Библиографический уровень a
001 Контрольный номер 9630210f6fe343bf8edc367e2dede9ce
005 Дата корректировки 20181120134523.3
100 a Данные общей обработки 20180924 ||| 0rusy0189 ca
101 0_ a Язык текста rus
102 a Страна публикации RU
200 1_ f Первые сведения об ответственности Е.А. Соломеина
a Заглавие Упрощенное производство в арбитражном процессе: пути совершенствования
b Общее обозначение материала Текст
210 d Дата издания 2018
461 _0 1 2000
a Арбитражный и гражданский процесс
463 _0 1 2000
a №7
v С. 38-40
1 2101
d 2018
1 001b04c10cb67f54e9a9bf6723b0d871b99
606 a Основная рубрика Гражданское процессуальное право
610 0_ a Ключевые слова АРБИТРАЖНЫЙ ПРОЦЕСС
a Ключевые слова УПРОЩЕННОЕ ПРОИЗВОДСТВО
700 _1 a Фамилия Соломеина
b Имя Е.А.
801 _0 a Страна RU
b Организация РГУП
c Дата составления 20180924
g Правила каталогизации PSBO
801 _1 a Страна RU
b Организация РГУП
c Дата составления 20180924
g Правила каталогизации PSBO
901 t Тип документа b
w Контрольный № источника b04c10cb67f54e9a9bf6723b0d871b99
905 a Дата ввода 20180924